00677nam a2200193 a 450000100100000000500170001000800410002704000250006808200190009310000360011224500820014826000350023030000210026565000260028665000280031204900090034095201170034999900170046600002118220200930011245.0100901s1970 ve r 000 j spa d aDO-SdBNPbspacBNPHU aV863.44bM357d1 aMárquez Salas, Antonio94428310aEl día implacable :bcuentos escogidos, 1947-69 /cAntonio Márquez Salas. aCaracas :bMonte Avila,c1970. a178 p. ;c18 cm. 4aCuentos cubanos91482 4aLiteratura cubana91483 aBNGR 001050718MOaGRbGRcCTd2010-09-01iLF1l0oV863.44 M357dp21182-10r2020-06-25w2020-06-25y1ZNo se presta c20683d20683